000 00526 a2200205 4500
005 20260428145009.0
008 260428b |||||||| |||| 00| 0 eng d
020 _a9781041143376
_cRs. 2995.00
040 _aMAIN
082 _a770.1
_bW462P(6)
100 _aWells, Liz
245 _aPhotography: A critical introduction
250 _a6th
260 _bRoutledge
_c2025
_aLondon
300 _axxiv, 463
650 _aVisual Art
650 _aPhotography
650 _aHistorical treatment- Photography
942 _cBK
999 _c395996
_d395996